000 00415nam a2200157 i 4500
001 56957
003 ES-MaACL
005 20230906163502.0
007 t|
008 031014s1919 ag ||||1| spa d
100 1 _aDobranich, Horacio H.
_944942
245 1 0 _aArtículos literarios /
_cHoracio H. Dobranich.
260 _aBuenos Aires :
_bArias,
_c1919.
300 _a128 p. ;
_c19 cm.
852 _aES-MaACL
_jC-2677
999 _c56957
_d56957